Descripción de la gestión didáctica del proceso enseñanza-aprendizaje en la cátedra inglés básico, modalidad semipresencial de la carrera Licenciatura en Idioma Inglés en la Universidad Católica de El Salvador durante el Ciclo I-2022 (Registro nro. 33524)

Detalles MARC
000 -CABECERA
Longitud fija campo de control 01187nam a22002177a 4500
003 - IDENTIFICADOR DELl NÚMERO DE CONTROL
Identificador del número de control OSt
005 - FECHA Y HORA DE LA ÚLTIMA TRANSACCIÓN
Fecha y hora de la última transacción 20240411062540.0
008 - CÓDIGOS DE INFORMACIÓN DE LONGITUD FIJA
Códigos de información de longitud fija 140214b slv spa
040 ## - FUENTE DE LA CATALOGACIÓN
Centro transcriptor BMC
082 ## - NÚMERO DE LA CLASIFICACIÓN DECIMAL DEWEY
Númeroo de clasificación 428
100 1# - PUNTO DE ACCESO PRINCIPAL-NOMBRE DE PERSONA
9 (RLIN) 46795
Nombre de persona Arévalo Castaneda, Kevin Francisco
245 10 - MENCIÓN DE TÍTULO
Título Descripción de la gestión didáctica del proceso enseñanza-aprendizaje en la cátedra inglés básico, modalidad semipresencial de la carrera Licenciatura en Idioma Inglés en la Universidad Católica de El Salvador durante el Ciclo I-2022
Resto del título : Investigación, informe final
Mención de responsabilidad, etc. Kevin Francisco Arévalo Castaneda, José Roberto Ríos Alarcón
260 ## - PUBLICACIÓN, DISTRIBUCIÓN, ETC. (PIE DE IMPRENTA)
Lugar de publicación, distribución, etc. Santa Ana (El Salvador)
Nombre del editor, distribuidor, etc. Universidad Católica de El Salvador
Fecha de publicación, distribución, etc. 2022
300 ## - DESCRIPCIÓN FÍSICA
Extensión 65+[4] h.
Dimensiones 28 cm
Material anejo + 1 disco compacto
500 ## - NOTA GENERAL
Nota general Precede al tít.: Universidad Católica de El Salvador, Escuela de Postgrado, Maestría en Asesoría Educativa
502 ## - NOTA DE TESIS
Nota de tesis Trabajo de graduación para optar al grado académico de Maestria en Asesoría Educativa
650 20 - PUNTO DE ACCESO ADICIONAL DE MATERIA - TÉRMINO DE MATERIA
9 (RLIN) 18240
Término de materia o nombre geográfico como elemento inicial Lengua inglesa
Subdivisión de materia general Métodos
700 1# - PUNTO DE ACCESO ADICIONAL - NOMBRE DE PERSONA
9 (RLIN) 34022
Nombre de persona Ríos Alarcón, José Roberto
710 2# - PUNTO DE ACCESO ADICIONAL - NOMBRE DE ENTIDAD
Nombre de entidad o nombre de jurisdicción como elemento inicial Universidad Católica de El Salvador
Unidad subordinada Escuela de Posgrados
9 (RLIN) 19868
942 ## - ENTRADA DE ELEMENTOS AGREGADOS (KOHA)
Fuente de clasificaión o esquema Dewey Decimal Classification
Koha [por defecto] tipo de item 4- Trabajo de Graduación
Existencias
Suprimido Perdido Fuente de clasificación o esquema Estropeado Restricciones de uso No para préstamo Código de colección Localización permanente Localización actual Localización en estanter&íacute;as Fecha adquisición Fuente de adquisición Número de inventario Préstamos totales Signatura completa Código de barras Fecha última consulta Fecha último préstamo Fecha del precio de reemplazo Tipo de item de Koha
NULL NULL Dewey Decimal Classification NULL Prestable NULL NULL Biblioteca Miguel de Cervantes - UNICAES Biblioteca Miguel de Cervantes - UNICAES Sala Principal 17/10/2022 Donación - Kevin Francisco Arévalo Castaneda, José Roberto Ríos Alarcón 000799 2 I-000799 1050016 02/10/2023 27/09/2023 11/11/2022 4- Trabajo de Graduación